| 000 | 00599nam a2200205 a 4500 | ||
|---|---|---|---|
| 005 | 20220613083352.0 | ||
| 008 | 131210s2010 mx r 000 0 spa d | ||
| 020 | _a9786074003727 | ||
| 035 | _aUPN01000194692 | ||
| 049 | _aCG | ||
| 050 | 4 |
_aPT9876.22 A2.4 _bG7.4 |
|
| 100 | 1 |
_aLäckberg, Camilla, _d1974- _932395 |
|
| 245 | 1 | 4 |
_aLos gritos del pasado / _cCamilla Lâckberg. |
| 260 |
_aMéxico : _bOcéano : _bMaeva, _c2010. |
||
| 300 | _a423 p. | ||
| 534 |
_pTítulo original: _tPredikanten |
||
| 650 | 0 |
_aNovela sueca _915659 |
|
| 650 | 2 |
_aNovela policiaca y de misterio _98409 |
|
| 905 | _aLibro | ||
| 999 |
_c166793 _d166793 |
||